000 00555nam a2200157Ia 4500
008 230921s9999||||xx |||||||||||||| ||und||
020 _a978-3-319-93206-4
041 _aEN
100 _aPaul Stewart, Jean-Pierre Durand, Maria-Magdalena Richea
245 4 _aThe Palgrave Handbook of the Sociology of Work in Europe
250 _a1st ed. 2019
260 _c2019
_bSpringer International Publishing
856 _uhttps://doi.org/10.1007/978-3-319-93206-4
856 _uhttps://link.springer.com/openurl?genre=book&isbn=978-3-319-93206-4
942 _cEB
999 _c254426
_d254426